000 00360nam a22001337a 4500
020 _a9789695031254
040 _cNUST
082 _a297.266 KHA
100 _aDr Khalid Ghaznavi
_988329
245 _aDil Ki Bimarian Aur Elaj-e-Nabvi
260 _aLAHORE:
_b Al Faisal Nashran,
_c2018.
650 _aDil Ki Bimarian Aur Elaj-e-Nabvi
_989515
942 _2ddc
_cBK
999 _c587580
_d587580